000 00543nam a2200193Ia 4500
005 20250508151954.0
008 008 250505s9999 xx 000 0 eng d
037 _aBooks to be hide in OPAC
040 _aFEDL
_beng
_cFEDL
041 _aeng
_2eng
084 _a300.7, TAN/O
_qFEDL
100 _aTaneja Vidya Ratna
_9760503
245 0 _aTeaching of social studies
260 _aPunjab, India
_bMohindra Capital Publishers
300 _a208p
365 _aINR
_b4
942 _cHB
_h300.7, TAN/O
999 _c1333298
_d1333298